Culture Générale - Série 2403 - Statistiques

Statistiques générales
  • Ce quiz a été pris 116 fois
  • Le résultat moyen est 4 sur 10
Statistiques - réponses
Question Réponse % Correct
Comment appelle-t-on le versant de montagne à l'ombre ? ubac
67%
De quel pays Harare est-elle la capitale ? Zimbabwe
63%
Complétez le titre du roman de la Comtesse de Ségur paru en 1858 "Les petites filles ... modèles
56%
De quel pays Lusaka est-elle la capitale ? Zambie
56%
Quel est le prénom de l'auteur du roman "La bicyclette bleue", paru en 1981 ? Régine
47%
Ce matériau est un faux marbre stuc
47%
Champ clos où se déroulaient des joutes, des tournois. lice
15%
Alcaloïde toxique extrait de la fève de Calabar, utilisé en médecine comme stimulant du système parasympathique. ésérine
14%
Chaume laissé sur place après la moisson éteule
14%
Type de voilier multicoque indonésien, dérivé des pirogues à balancier des îles de la Polynésie - voir photo prao
7%
Aucun quiz correspondant
Distribution des résultats
% des personnes avec chaque résultat
Percentile par nombre de réponses
Votre historique - résultats
Vous n’avez pas pris ce quiz